Ιστορία της θεωρίας του περιβάλλοντος : συμβολή εις την ιστορίαν της φιλοσοφίας

Αποθηκεύτηκε σε:
Λεπτομέρειες βιβλιογραφικής εγγραφής
Κύριος συγγραφέας: Πατριαρχέας, Παναγιώτης Ν.
Μορφή: Βιβλίο
Γλώσσα:Greek
Δημοσίευση: Αθήνα : [χ.ό.], 1956
Σειρά:Ιστορικαί έρευναι φιλοσοφικών προβλημάτων και θεωριών
Θέματα:
Ετικέτες: Προσθήκη ετικέτας
Δεν υπάρχουν, Καταχωρήστε ετικέτα πρώτοι!

MARC

LEADER 00000cam a2200000 i 4500
001 1/44979
008 140331s1956 gr | ||| |||| ||gre||
035 |l 10117223 
040 |a GR-MY-UA  |b gre  |e aacr 
041 0 |a gre 
082 0 |a 179.1  |2 (23) 
100 1 |a Πατριαρχέας, Παναγιώτης Ν. 
245 1 0 |a Ιστορία της θεωρίας του περιβάλλοντος :  |b συμβολή εις την ιστορίαν της φιλοσοφίας /  |c Παναγιώτου Ν. Πατριαρχέα 
260 |a Αθήνα :   |b [χ.ό.],   |c 1956 
300 |a τ.;  |c 24 εκ. 
490 1 |a Ιστορικαί έρευναι φιλοσοφικών προβλημάτων και θεωριών 
504 |a Περιλαμβάνει βιβλιογραφικές παραπομπές 
650 0 0 |a Philosophy of nature. 
650 0 0 |a Philosophy, Ancient. 
650 0 0 |a Environmental ethics. 
830 0 |a Ιστορικαί έρευναι φιλοσοφικών προβλημάτων και θεωριών 
852 |a INST  |b RHODES  |c AKA  |e 20140331  |h  179.1 ΠΑΤ  |p 005400032182  |q 005400032182  |t BK  |v τ.1:  |y 0  |z τ.1 
853 |a INST  |b RHODES  |c AKA  |h  179.1 ΠΑΤ 
901 |a BIBL4-2014-1 
909 |a Ρ  |b 157208 
922 |a 4ΕΛΗ 
970 |z 2014/03/31